Southville International School and Colleges
Your cart is empty.
  • Cart
  • Lists
    Public lists Eva Luna New books Lux_list list_1
    Your lists Log in to create your own lists
  • Log in to your account
  • Your cookies
  • Search history
Southville International School and Colleges
  • Advanced search
  • Recent comments
  • Most popular
  • Libraries

Log in to your account

Log in with GOOGLE


If you do not have an external account, but do have a local account, you can still log in:

  1. Home
  2. MARC view: Kasaysayan at pag-ulad ng dulaang pantinedyer sa Pilipinas
Normal view MARC view ISBD view

Kasaysayan at pag-ulad ng dulaang pantinedyer sa Pilipinas (Record no. 16976)

[ view plain ]
MARC details
000 -LEADER
fixed length control field 01275cam a22003495a 4500
001 - CONTROL NUMBER
control field 16277486
003 - CONTROL NUMBER IDENTIFIER
control field OSt
005 - DATE AND TIME OF LATEST TRANSACTION
control field 20140310182850.0
008 - FIXED-LENGTH DATA ELEMENTS--GENERAL INFORMATION
fixed length control field 100611s2009 ph a b 000 0 tgl
010 ## - LIBRARY OF CONGRESS CONTROL NUMBER
LC control number 2010338555
020 ## - INTERNATIONAL STANDARD BOOK NUMBER
International Standard Book Number 9789715065474
040 ## - CATALOGING SOURCE
Original cataloging agency DLC
Transcribing agency DLC
Modifying agency DLC
042 ## - AUTHENTICATION CODE
Authentication code lcode
043 ## - GEOGRAPHIC AREA CODE
Geographic area code a-ph---
050 ## - LIBRARY OF CONGRESS CALL NUMBER
Classification number PL 5534
Item number .C335 2009
082 ## - DEWEY DECIMAL CLASSIFICATION NUMBER
Classification number FIL 899.2112
Item number .C37 2009
100 1# - MAIN ENTRY--PERSONAL NAME
Personal name Casanova, Arthur P.
Fuller form of name (Arthur de la Peña)
245 10 - TITLE STATEMENT
Title Kasaysayan at pag-ulad ng dulaang pantinedyer sa Pilipinas
Statement of responsibility, etc Casanova, Arthur P.
246 30 - VARYING FORM OF TITLE
Title proper/short title Dulaang pantinedyer sa Pilipinas
260 ## - PUBLICATION, DISTRIBUTION, ETC. (IMPRINT)
Place of publication, distribution, etc España, Manila
Name of publisher, distributor, etc UST Pub. House
Date of publication, distribution, etc 2009
300 ## - PHYSICAL DESCRIPTION
Extent xxxii, 579 p.
Other physical details ill.
Dimensions 26 cm.
504 ## - BIBLIOGRAPHY, ETC. NOTE
Bibliography, etc Includes bibliographical references (p. 552-573).
520 ## - SUMMARY, ETC.
Summary, etc On history and development of teens theater in the Philippines. Highlights the rationale, mission, vision, and theatrical productions of the different teens theater groups in the Philippines.
521 ## - TARGET AUDIENCE NOTE
Target audience note
526 ## - STUDY PROGRAM INFORMATION NOTE
Reading level 0L to 17000L
541 ## - IMMEDIATE SOURCE OF ACQUISITION NOTE
-- 1
546 ## - LANGUAGE NOTE
Language note In Tagalog.
562 ## - COPY AND VERSION IDENTIFICATION NOTE
Number of copies for circulation : 1 copy in the cpollection
906 ## - LOCAL DATA ELEMENT F, LDF (RLIN)
a 7
b par
c origode
d 3
e ncip
f 20
g y-gencatlg
942 ## - ADDED ENTRY ELEMENTS (KOHA)
Source of classification or shelving scheme Library of Congress Classification
Koha item type Books
Call number prefix Filipininana
Holdings
Withdrawn status Lost status Source of classification or shelving scheme Damaged status Home library Current library Shelving location Date acquired Total Checkouts Full call number Barcode Date last seen Copy number Price effective from Koha item type
    Library of Congress Classification   College Library College Library Filipiniana Section 04/19/2012   PL 5534 .C335 2009 c13172 05/08/2018 1 04/19/2012 Books

Kasaysayan at pag-ulad ng dulaang pantinedyer sa Pilipinas

APA

Casanova A. P., . (2009). Kasaysayan at pag-ulad ng dulaang pantinedyer sa Pilipinas. España, Manila: UST Pub. House.

Chicago

Casanova Arthur P, . 2009. Kasaysayan at pag-ulad ng dulaang pantinedyer sa Pilipinas. España, Manila: UST Pub. House.

Harvard

Casanova A. P., . (2009). Kasaysayan at pag-ulad ng dulaang pantinedyer sa Pilipinas. España, Manila: UST Pub. House.

MLA

Casanova Arthur P, . Kasaysayan at pag-ulad ng dulaang pantinedyer sa Pilipinas. España, Manila: UST Pub. House. 2009.

  • Place hold
  • Print
  • Cite
  • Add to your cart (remove)
  • Save record
    BIBTEX Dublin Core MARCXML MARC (non-Unicode/MARC-8) MARC (Unicode/UTF-8) MARC (Unicode/UTF-8, Standard) MODS (XML) RIS
  • More searches
    Search for this title in:
    Other Libraries (WorldCat) Other Databases (Google Scholar) Online Stores (Bookfinder.com) Open Library (openlibrary.org)

Exporting to Dublin Core...

SOUTHVILLE LIBRARY

Southville International School and Colleges Library

1281 Tropical Ave. Cor. Luxembourg St., BF Homes International, Las Pinas City

Tel. No. 8256374 / 252358 Loc. 117/146

Powered by Koha